Top 10 NBA Small Forwards 2K26 - Statistics

General Stats
  • This quiz has been taken 42 times
    7 since last reset
  • The average score is 7 of 10
Answer Stats
OVR Player % Correct
92 LeBron James
100%
95 Jaylen Brown
83%
93 Kevin Durant
83%
87 Brandon Ingram
67%
87 Cooper Flagg
67%
87 Franz Wagner
67%
89 Jalen Johnson
67%
94 Kawhi Leonard
67%
88 Deni Avdija
50%
88 Jimmy Butler
33%
No matching quizzes found
Score Distribution
Percent of People with Each Score
Percentile by Number Answered
Your Score History
You have not taken this quiz since the last reset